Library of the University of Algiers 3
Ibrahim Sultan Cheibout
شعار جامعة الجزائر 3
مكتبة جامعة الجزائر 3
إبراهيم سلطان شيبوط

Handout in Microeconomics2 / (رقم التسجيلة. 41507)

تفاصيل مارك
000 -LEADER
fixed length control field 01541nam a2200229Ia 4500
003 - CONTROL NUMBER IDENTIFIER
control field Ost
005 - DATE AND TIME OF LATEST TRANSACTION
control field 20260426125804.0
008 - FIXED-LENGTH DATA ELEMENTS--GENERAL INFORMATION
fixed length control field 260426s9999||||xx |||||||||||||| ||und||
040 ## - CATALOGING SOURCE
Transcribing agency fsecg
041 ## - LANGUAGE CODE
Language code of text/sound track or separate title eng
082 ## - DEWEY DECIMAL CLASSIFICATION NUMBER
Classification number 338.5
100 ## - MAIN ENTRY--PERSONAL NAME
Personal name Touatte, Othmane
Relator term Author
245 #0 - TITLE STATEMENT
Title Handout in Microeconomics2 /
Statement of responsibility, etc. Othmane Touatte
260 ## - PUBLICATION, DISTRIBUTION, ETC.
Place of publication, distribution, etc. Algiers :
Name of publisher, distributor, etc. University of Algiers 3 Faculty of Economics Commercial Sciences and Management,
Date of publication, distribution, etc. 2025
300 ## - PHYSICAL DESCRIPTION
Extent 89 paper,
Dimensions 12 cm
520 ## - SUMMARY, ETC.
Summary, etc. The Microeconomics 2 course focuses on producer behavior, cost analysis, and firm decisions under different market structures. It begins with the theory of production, defining production and examining the factors of production, followed by detailed analysis of short-run and long-run production, including marginal and average products, diminishing returns, isoquants, and economies of scale. The course then covers cost theory, distinguishing between explicit and implicit costs and between accounting and economic profit, and explores the structure of costs in both the short run and long run. Finally, it analyzes how firms behave in various market forms, with particular emphasis on perfect competition, including profit maximization and supply decisions. The course concludes with a general revision and a final examination.
653 ## - INDEX TERM--UNCONTROLLED
Uncontrolled term Economics
653 ## - INDEX TERM--UNCONTROLLED
Uncontrolled term Microeconomics
653 ## - INDEX TERM--UNCONTROLLED
Uncontrolled term Production
710 ## - ADDED ENTRY--CORPORATE NAME
Corporate name or jurisdiction name as entry element University of Algiers 3 Faculty of Economics Commercial Sciences and Management
Relator term Scientific publisher
942 ## - ADDED ENTRY ELEMENTS (KOHA)
Koha item type مطبوعات
المقتنيات
Withdrawn status Lost status Source of classification or shelving scheme Damaged status Not for loan Home library Current library Date acquired Serial enumeration / chronology Inventory number Total checkouts Full call number Barcode Date last seen Price effective from Koha item type
    Dewey Decimal Classification   NOT LOAN / إعارة داخلية مكتبة كلية العلوم الإقتصادية والعلوم التجارية وعلوم التسيير مكتبة كلية العلوم الإقتصادية والعلوم التجارية وعلوم التسيير 26/04/2026 Second floor Po.966/2-1   Po.966/2 exp1 Po.966/2-1 26/04/2026 26/04/2026 مطبوعات

موارد الويب المفتوحة


© University of Algiers 3 All Rights Reserved
|
Implemented by LECHELAH Riad